Statistics for Super Mario 64: All Stars

Click here to take the quiz!

General Stats

  • This quiz has been taken 12 times
  • The average score is 35 of 90

Answer Stats

Answer% Correct
Blast Away The Wall
75%
Behind Chain Chomp's Gate
67%
Big Bob-omb On The Summit
67%
Big Penguin Race
67%
Bully the Bullies
67%
Can The Eel Come Out To Play?
67%
Find The 8 Red Coins
67%
Footrace With Koopa The Quick
67%
Shoot Into The Wild Blue
67%
Boil The Big Bully
58%
Go On A Ghost Hunt
58%
Into The Igloo
58%
Li'l Penguin Lost
58%
Metal-Head Mario Can Move!
58%
Shoot To The Island In The Sky
58%
Snowman's Lost His Head
58%
Stop Time For Red Coins
58%
Through The Jet Stream
58%
Through The Jet Stream
58%
Wall Kicks Will Work
58%
A-Maze-Ing Emergency Exit
50%
Big Boo's Balcony
50%
Blast To The Stone Pillar
50%
Board Bowser's Sub
50%
Chill With The Bully
50%
Chip Off Whomp's Block
50%
Plunder In The Sunken Ship
50%
Pyramid Puzzle
50%
Red-Hot Log Rolling
50%
Roll Into The Cage
50%
Shining Atop The Pyramid
50%
Slip Slidin' Away
50%
The Manta Ray's Reward
50%
Tricky Triangles!
50%
Collect The Caps
42%
Eye To Eye In The Secret Room
42%
Five Itty Bitty Secrets
42%
Get A Hand
42%
In The Talons Of The Big Bird
42%
Mario Wings To The Sky
42%
Pluck The Piranha Flower
42%
Rematch With Koopa The Quick
42%
Somewhere Over The Rainbow
42%
The Big House In The Sky
42%
Chests In The Current
33%
Frosty Slide For 8 Red Coins
33%
Hot-Foot-It Into The Volcano
33%
Make Wiggler Squirm
33%
Pole-Jumping For Red Coins
33%
Ride Big Boo's Merry-Go-Round
33%
Scale The Mountain
33%
Shell Shreddin' For 8 Red Coins
33%
Shocking Arrow Lifts!
33%
Snowman's Big Head
33%
Stand Tall On The Four Pillars
33%
The Pit And The Pendulums
33%
Top O' The Town
33%
To The Top Of The Fortress
33%
8-Coin Puzzle With 15 Pieces
25%
Breathtaking View From Bridge
25%
Elevator Tour In The Volcano
25%
Express Elevator -- Hurry Up!
25%
Fall On To The Caged Island
25%
Free Flying For 8 Red Coins
25%
Go To Town For Red Coins
25%
In The Deep Freeze
25%
Mysterious Mountainside
25%
Mystery Of The Monkey Cage
25%
Navigating The Toxic Maze
25%
Quick Race Through Downtown
25%
Secrets In The Shallows & Sky
25%
Seek The 8 Red Coins
25%
Stomp On The Thwomp
25%
Swimming Beast In The Cavern
25%
Swingin' In The Breeze
25%
Timed Jumps On Moving Bars
25%
Treasure Of The Ocean Cave
25%
Watch For The Rolling Rocks
25%
Whirl From The Freezing Pond
25%
Coins Amassed In A Maze
17%
Cruiser Crossing The Rainbow
17%
Elevate For 8 Red Coins
17%
Inside The Ancient Pyramid
17%
Scary & 'Shrooms, Red Coins
17%
Secret Of The Haunted Books
17%
The Tip Top Of The Huge Island
17%
Wiggler's Red Coins
17%
Blast To The Lonely Mountain
8%
Red Coins On The Floating Isle
8%
Red Coins On The Ship Afloat
8%

Score Distribution

Percentile by Number Answered

Percent of People with Each Score

Your Score History

You have not taken this quiz